| Tag |
First Indicator |
Second Indicator |
Subfields |
| LEADER |
00000cam a22000001a 4500 |
| 001 |
in00003361421 |
| 006 |
m d f |
| 007 |
cr bn mmmapmmp |
| 008 |
100612m19791980dcu o f000 0 eng d |
| 005 |
20260430205915.9 |
| 035 |
|
|
|a cis2007876740
|
| 040 |
|
|
|a ProQuest
|c ProQuest
|d UtOrBLW
|
| 043 |
|
|
|a n-us---
|
| 099 |
|
|
|a CRS-1979-ECN-0024
|
| 110 |
2 |
|
|a Library of Congress.
|b Congressional Research Service.
|
| 245 |
1 |
0 |
|a Mass Transportation Services for the Handicapped.
|
| 264 |
|
1 |
|a [Place of publication not identified] :
|b [publisher not identified],
|c 1979-1980.
|
| 300 |
|
|
|a 1 online resource.
|
| 336 |
|
|
|a text
|b txt
|2 rdacontent
|
| 337 |
|
|
|a computer
|b c
|2 rdamedia
|
| 338 |
|
|
|a online resource
|b cr
|2 rdacarrier
|
| 500 |
|
|
|a Record is based on bibliographic data in ProQuest U.S. Congressional Research Digital Collection (last viewed June 2010). Reuse except for individual research requires license from ProQuest, LLC.
|
| 500 |
|
|
|a CRS Report.
|
| 520 |
|
|
|a Discusses Department of Transportation regulations requiring accessibility by the handicapped to mass transportation systems under the Rehabilitation Act of 1973, and considers the economic impact of compliance on the transit industry.
|
| 500 |
|
|
|a Electronic resource.
|
| 650 |
|
0 |
|a Transport of sick and wounded.
|
| 655 |
|
7 |
|a Electronic books.
|2 local
|
| 710 |
2 |
|
|a ProQuest (Firm)
|
| 776 |
0 |
8 |
|i Microfiche version:
|a Library of Congress. Congressional Research Service.
|t Mass Transportation Services for the Handicapped
|
| 830 |
|
0 |
|a U.S. Congressional Research.
|
| 856 |
4 |
0 |
|u http://proxy.library.tamu.edu/login?url=https://congressional.proquest.com/congcomp/getdoc?CRDC-ID=CRS-1979-ECN-0024
|z Connect to the full text of this electronic book
|t 0
|
| 999 |
|
|
|a MARS
|
| 999 |
f |
f |
|s c0ccefcf-4e88-3d7c-a7c8-882e2549dfbd
|i b663d014-85bd-3b61-b92f-89164cd7e4f6
|t 0
|
| 952 |
f |
f |
|a Texas A&M University
|b College Station
|c Electronic Resources
|s www_evans
|d Available Online
|t 0
|e CRS-1979-ECN-0024
|h Other scheme
|
| 998 |
f |
f |
|a CRS-1979-ECN-0024
|t 0
|l Available Online
|